Исследование возможности формирования медицинского электронного пучка с помощью устройств, изготовленных из пластиков с металлическими примесями; Современные проблемы физики и технологий

Dettagli Bibliografici
Parent link:Современные проблемы физики и технологий.— 2023.— С. 141-142
Altri autori: Бушмина Е. А. Елизавета Алексеевна, Григорьева А. А. Анна Анатольевна, Милойчикова И. А. Ирина Алексеевна, Сабуров В. О. Вячеслав Олегович, Стучебров С. Г. Сергей Геннадьевич
Riassunto:Текстовый файл
Lingua:russo
Pubblicazione: 2023
Soggetti:
Accesso online:https://www.elibrary.ru/item.asp?id=54368096
Natura: Elettronico Capitolo di libro
KOHA link:https://koha.lib.tpu.ru/cgi-bin/koha/opac-detail.pl?biblionumber=680386

MARC

LEADER 00000naa0a2200000 4500
001 680386
005 20250529121705.0
090 |a 680386 
100 |a 20250529d2023 k||y0rusy50 ca 
101 2 |a rus 
102 |a RU 
135 |a drcn ---uucaa 
181 0 |a i   |b  e  
182 0 |a b 
183 0 |a cr  |2 RDAcarrier 
200 1 |a Исследование возможности формирования медицинского электронного пучка с помощью устройств, изготовленных из пластиков с металлическими примесями  |f Бушмина Е. А., Григорьева А. А., Милойчикова И. А. [и др.] 
203 |a Текст  |b визуальный  |c электронный 
283 |a online_resource  |2 RDAcarrier 
320 |a Список литературы: 4 назв 
336 |a Текстовый файл 
463 1 |t Современные проблемы физики и технологий  |o сборник тезисов докладов X Международной молодежной научной школы-конференции, Москва, 25-27 Апреля 2023  |n Национальный исследовательский ядерный университет "МИФИ"  |c Москва  |v С. 141-142  |d 2023 
545 1 |a Инженерно-физические подходы в современной медицине и биологии 
610 1 |a труды учёных ТПУ 
610 1 |a электронный ресурс 
610 1 |a медицинский пучок электронов 
610 1 |a болюс 
610 1 |a трехмерная печать 
701 1 |a Бушмина  |b Е. А.  |c специалист в области ядерных технологий  |c инженер Томского политехнического университета  |f 2000-  |g Елизавета Алексеевна  |9 22664 
701 1 |a Григорьева  |b А. А.  |c специалист в области ядерных технологий  |c инженер Томского политехнического университета  |f 1995-  |g Анна Анатольевна  |9 22286 
701 1 |a Милойчикова  |b И. А.  |c физик  |c доцент Томского политехнического университета, кандидат физико-математических наук  |f 1988-  |g Ирина Алексеевна  |9 18661 
701 1 |a Сабуров  |b В. О.  |g Вячеслав Олегович 
701 1 |a Стучебров  |b С. Г.  |c физик  |c доцент Томского политехнического университета, кандидат физико-математических наук  |f 1981-  |g Сергей Геннадьевич  |9 15603 
801 0 |a RU  |b 63413507  |c 20250529 
850 |a 63413507 
856 4 |u https://www.elibrary.ru/item.asp?id=54368096  |z https://www.elibrary.ru/item.asp?id=54368096 
942 |c CF